Prescott & Dunn's industrial microbiology. (Record no. 480284)
[ view plain ]
| 000 -LEADER | |
|---|---|
| fixed length control field | 01095cam a2200361 a 4500 |
| 001 - CONTROL NUMBER | |
| control field | 72623 |
| 003 - CONTROL NUMBER IDENTIFIER | |
| control field | ASAB |
| 005 - DATE AND TIME OF LATEST TRANSACTION | |
| control field | 20180827062706.0 |
| 008 - FIXED-LENGTH DATA ELEMENTS--GENERAL INFORMATION | |
| fixed length control field | 820401s1982 ctua b 001 0 eng |
| 010 ## - LIBRARY OF CONGRESS CONTROL NUMBER | |
| LC control number | 81007961 |
| 020 ## - INTERNATIONAL STANDARD BOOK NUMBER | |
| International Standard Book Number | 81-239-1001-0 |
| 035 ## - SYSTEM CONTROL NUMBER | |
| System control number | (OCoLC)ocm07555484 |
| 035 ## - SYSTEM CONTROL NUMBER | |
| System control number | (CStRLIN)NYCG82-B15399 |
| 035 ## - SYSTEM CONTROL NUMBER | |
| System control number | (NNC)72623 |
| 040 ## - CATALOGING SOURCE | |
| Modifying agency | NNC |
| Transcribing agency | ASAB |
| 050 0# - LIBRARY OF CONGRESS CALL NUMBER | |
| Classification number | QR53 |
| Item number | .P67 1982 |
| 082 0# - DEWEY DECIMAL CLASSIFICATION NUMBER | |
| Classification number | 660.62 |
| Edition number | 19 |
| 090 ## - LOCALLY ASSIGNED LC-TYPE CALL NUMBER (OCLC); LOCAL CALL NUMBER (RLIN) | |
| Classification number (OCLC) (R) ; Classification number, CALL (RLIN) (NR) | QR53 |
| Local cutter number (OCLC) ; Book number/undivided call number, CALL (RLIN) | .P67 1982 |
| 100 1# - MAIN ENTRY--PERSONAL NAME | |
| Personal name | Prescott, Samuel Cate, |
| Dates associated with a name | 1872-1962. |
| 9 (RLIN) | 2220 |
| 240 10 - UNIFORM TITLE | |
| Uniform title | Industrial microbiology |
| 245 10 - TITLE STATEMENT | |
| Title | Prescott & Dunn's industrial microbiology. |
| 250 ## - EDITION STATEMENT | |
| Edition statement | 4th ed. / |
| Remainder of edition statement | edited by Gerald Reed. |
| 260 ## - PUBLICATION, DISTRIBUTION, ETC. | |
| Place of publication, distribution, etc. | Westport, Conn. : |
| Name of publisher, distributor, etc. | AVI Pub. Co., |
| Date of publication, distribution, etc. | c1982. |
| 300 ## - PHYSICAL DESCRIPTION | |
| Extent | xii, 883 p. : |
| Other physical details | ill. ; |
| Dimensions | 23 cm. |
| 500 ## - GENERAL NOTE | |
| General note | Includes index. |
| 504 ## - BIBLIOGRAPHY, ETC. NOTE | |
| Bibliography, etc. note | Includes bibliographical references. |
| 650 #0 - SUBJECT ADDED ENTRY--TOPICAL TERM | |
| Topical term or geographic name entry element | Industrial microbiology. |
| 9 (RLIN) | 2221 |
| 700 1# - ADDED ENTRY--PERSONAL NAME | |
| Personal name | Dunn, Cecil Gordon, |
| Dates associated with a name | 1904- |
| 9 (RLIN) | 2222 |
| 700 1# - ADDED ENTRY--PERSONAL NAME | |
| Personal name | Reed, Gerald, |
| Dates associated with a name | 1913-2008. |
| 9 (RLIN) | 2223 |
| 740 0# - ADDED ENTRY--UNCONTROLLED RELATED/ANALYTICAL TITLE | |
| Uncontrolled related/analytical title | Prescott and Dunn's industrial microbiology. |
| 942 ## - ADDED ENTRY ELEMENTS (KOHA) | |
| Source of classification or shelving scheme | |
| Koha item type | Book |
| Withdrawn status | Lost status | Source of classification or shelving scheme | Damaged status | Not for loan | Collection code | Permanent Location | Current Location | Date acquired | Total Checkouts | Full call number | Barcode | Date last seen | Price effective from | Koha item type |
|---|---|---|---|---|---|---|---|---|---|---|---|---|---|---|
| Atta-ur-Rahman School of Applied Biosciences (ASAB) | Atta-ur-Rahman School of Applied Biosciences (ASAB) | 11/22/2016 | 660.62 REE | ASAB2114 | 04/12/2018 | 11/22/2016 | Book |
